000 00845cab a2200313 4500
001 ABS55563
008 090401t1996 xxu||||| |||| 00| 0 eng d
035 _a(Sirsi) u17332
041 _aeng
245 _aLiability
260 _c1996
350 _a0
490 _aRIBA Journal
_v103(8) August 1996, 55-56(2)
520 _aAdvises on good record management techniques in dealing with legal liability claims.
650 _aADMISSIBLE EVIDENCE
650 _aARCHIVES
650 _aCIVIL EVIDENCE ACT 1995
650 _aDRAWINGS
650 _aEVIDENCE
650 _aLATENT DAMAGES ACT 1986
650 _aLIABIITY
650 _aLIMITATION OF ACTIONS ACT 1987
650 _aRECORDS MANAGEMENT
650 _aRETENTION
690 _aLAW
690 _aOFFICE SERVICES AND ADMINISTRATION
942 _n0
948 _c04/03/1997
999 _c11496
_d11496